Audit v samospráve

Výkon auditu účtovnej závierky v samospráve definujú a upravujú rôzne zákony a predpisy, zákon č. 369/1990 Zb. o obecnom zriadení v z. n. p. a zákon č. 431/2002 Z. z. o účtovníctve v z. n. p.

Na minha lista:
Detalhes bibliográficos
Autor principal: Macháčová, Tatiana
Formato: Capítulo de Livro
Idioma:eslovaco
Assuntos:
Tags: Adicionar Tag
Sem tags, seja o primeiro a adicionar uma tag!

MARC

LEADER 00000naa a2200000 4500
001 0252092
005 20190318120038.4
041 0 |a slo 
044 |a SK 
245 1 0 |a Audit v samospráve  |c Tatiana Macháčová 
520 |a Výkon auditu účtovnej závierky v samospráve definujú a upravujú rôzne zákony a predpisy, zákon č. 369/1990 Zb. o obecnom zriadení v z. n. p. a zákon č. 431/2002 Z. z. o účtovníctve v z. n. p. 
610 2 0 |a samospráva 
610 2 0 |a Slovensko 
610 2 0 |a audit 
610 2 0 |a závierka účtovná 
610 2 0 |a jednotka účtovná 
610 2 0 |a legislatíva 
100 1 |a Macháčová, Tatiana